00387pab a2200121 454500008004000000100001700040245010400057260000900161300001200170362001200182650002400194773004700218180718b1998 xxu||||| |||| 00| 0 eng d aMatani, A.G. aTechnological restructuring of technical education in the new economic context: the skill dimension c1998 ap.66-71 aApr-Jun aTechnical education aIndian Journal of Training and Development